Budget of good jokes. (Record no. 15892)

MARC details
000 -LEADER
fixed length control field 00546cam a22002171 4500
001 - CONTROL NUMBER
control field ca 24000854
003 - CONTROL NUMBER IDENTIFIER
control field DLC
005 - DATE AND TIME OF LATEST TRANSACTION
control field 20260227111113.0
008 - FIXED-LENGTH DATA ELEMENTS--GENERAL INFORMATION
fixed length control field 861105s1924 nyu 000 0 eng
010 ## - LIBRARY OF CONGRESS CONTROL NUMBER
LC control number ca 24000854
035 ## - SYSTEM CONTROL NUMBER
System control number (OCoLC)14638508
040 ## - CATALOGING SOURCE
Original cataloging agency DLC
Transcribing agency CLU
Modifying agency DLC
042 ## - AUTHENTICATION CODE
Authentication code premarc
050 00 - LIBRARY OF CONGRESS CALL NUMBER
Classification number PN6161
Item number .W422
110 2# - MAIN ENTRY--CORPORATE NAME
Corporate name or jurisdiction name as entry element Wehman Bros.
245 10 - TITLE STATEMENT
Title Budget of good jokes.
260 ## - PUBLICATION, DISTRIBUTION, ETC.
Place of publication, distribution, etc. New York,
Name of publisher, distributor, etc. Wehman Bros.,
Date of publication, distribution, etc. 1924.
300 ## - PHYSICAL DESCRIPTION
Extent 58 p.
Dimensions 13 cm.
490 0# - SERIES STATEMENT
Series statement Handy series,
Volume/sequential designation no. 67
650 #0 - SUBJECT ADDED ENTRY--TOPICAL TERM
Topical term or geographic name entry element American wit and humor.

No items available.

Powered by Koha